LEADER 00946naa a2200205 u 4500 001 000000096656 003 CaOOAMICUS 005 20070226130147.0 008 041102s1978 it u000 u ita u 035 $a11013522 040 $aIAR$bita 100 1 $aNicolini, Ugolino,$cO.F.M.$0(OLS)http://pul/name/1154 245 13$aLa struttura urbana di Assisi /$cUgolino Nicolini. 260 $aAssisi :$bTipografia Porziuncola,$c1978. 300 $aS. 247-270 ;$c23 cm 650 4$aUrbanistica$zItalia$zAssisi$yMedioevo.$0(OLS)http://pul/subject/30526 773 0 $aAssisi al tempo di san Francesco : Atti del V convegno internazionale. 773 0 $aSocietà internazionale di studi francescani.$tAssisi al tempo di S. Francesco : atti del V Convegno Internazionale (Assisi, 13-16 ottobre 1977)$w()6743 996 $6245$aLa struttura urbana di Assisi$9(OLS)http://pul/title/123538 996 $6260$aAssisi :$bTipografia Porziuncola$9(OLS)http://pul/publisher/48396 LEADER 01805nam a2200373 u 4500 001 000000175957 003 CaOOAMICUS 005 20230623145012.0 008 230623s1995 gau u000 u eng r 020 $a0-7885-0069-4* 032 $aLibriCat 040 $aPUL$bita 082 14$a296.3 100 1 $aPomykala, Kenneth E.$0(OLS)http://pul/name/113052 245 14$aThe Davidic dynasty tradition in early Judaism :$bits history and significance for Messianism hermeneutical implications /$cKenneth E. Pomykala. 260 $aAtlanta :$bScholars Press,$c1995. 300 $axv, 308 pagine ;$c23 cm 490 1 $aSociety of biblical literature. Early Judaism and its literature. ;$v07 504 $aBibliografia: pagine 273-294. 600 04$aDavid,$cre d'Israele.$0(OLS)http://pul/subject/7635 630 04$aBiblia.$pV.T.$xCritica e interpretazione.$0(OLS)http://pul/subject/3062 650 4$aGiudaismo$xStoria.$0(OLS)http://pul/subject/76 650 4$aMessianismo.$0(OLS)http://pul/subject/3197 830 0$aSociety of biblical literature. Early Judaism and its literature. ;$v07.$0(OLS)http://pul/title/217445 850 $aPUL 852 $aPUL$W1$xSL Religione 3$y85$m296. 3 POMKE 1$j200125$qDDC 21$B204904$CPULBib$Z2$F204904 $H136358 $82 941 1 $a9 960 $aDavid,$cKing of Israel.$97635 960 $aDavide,$cre d'Israele$97635 996 $6020$a0-7885-0069-4*$9(OLS)http://pul/number/169197 996 $6082$a296.3$9(OLS)http://pul/classification/734 996 $6245$aThe Davidic dynasty tradition in early Judaism :$bits history and significance for Messianism hermeneutical implications$9(OLS)http://pul/title/217444 996 $6260$aAtlanta :$bScholars Press$9(OLS)http://pul/publisher/52385